<?xml version="1.0" encoding="UTF-8"?>
<record
    xmlns:xsi="http://www.w3.org/2001/XMLSchema-instance"
    xsi:schemaLocation="http://www.loc.gov/MARC21/slim http://www.loc.gov/standards/marcxml/schema/MARC21slim.xsd"
    xmlns="http://www.loc.gov/MARC21/slim">

  <leader>00988nam0a22002411  4500</leader>
  <controlfield tag="001">rc\2798079</controlfield>
  <controlfield tag="005">20250529173529.0</controlfield>
  <datafield tag="035" ind1=" " ind2=" ">
    <subfield code="a">(NLR Aleph) 006924114</subfield>
  </datafield>
  <datafield tag="090" ind1=" " ind2=" ">
    <subfield code="a">7478521</subfield>
    <subfield code="c">7478521</subfield>
  </datafield>
  <datafield tag="100" ind1=" " ind2=" ">
    <subfield code="a">20110915d1936    |||y0rusy50      ca</subfield>
  </datafield>
  <datafield tag="101" ind1="0" ind2=" ">
    <subfield code="a">rus</subfield>
  </datafield>
  <datafield tag="102" ind1=" " ind2=" ">
    <subfield code="a">RU</subfield>
  </datafield>
  <datafield tag="105" ind1=" " ind2=" ">
    <subfield code="a">ace z   |||||</subfield>
  </datafield>
  <datafield tag="200" ind1="1" ind2=" ">
    <subfield code="a">&#x41B;&#x435;&#x441;&#x43D;&#x44B;&#x435; &#x43C;&#x430;&#x441;&#x442;&#x435;&#x440;&#x430;</subfield>
    <subfield code="e">&#x41E;&#x43F;&#x44B;&#x442; &#x440;&#x430;&#x431;&#x43E;&#x442;&#x44B; &#x43B;&#x435;&#x441;&#x43E;&#x440;&#x443;&#x431;&#x447;&#x435;&#x441;&#x43A;&#x43E;&#x439; &#x43F;&#x43E;&#x442;&#x43E;&#x447;&#x43D;&#x43E;&#x439; &#x441;&#x442;&#x430;&#x445;&#x430;&#x43D;&#x43E;&#x432;&#x441;&#x43A;&#x43E;&#x439; &#x431;&#x440;&#x438;&#x433;&#x430;&#x434;&#x44B; &#x41C;&#x438;&#x445;&#x430;&#x438;&#x43B;&#x430; &#x428;&#x435;&#x441;&#x442;&#x430;&#x43A;&#x43E;&#x432;&#x430;</subfield>
    <subfield code="f">&#x422;&#x435;&#x43A;&#x441;&#x442; &#x410;&#x43D;. &#x414;&#x432;&#x438;&#x43D;&#x441;&#x43A;&#x43E;&#x433;&#x43E;</subfield>
  </datafield>
  <datafield tag="210" ind1=" " ind2=" ">
    <subfield code="a">&#x410;&#x440;&#x445;&#x430;&#x43D;&#x433;&#x435;&#x43B;&#x44C;&#x441;&#x43A;</subfield>
    <subfield code="c">&#x421;&#x435;&#x432;&#x43A;&#x440;&#x430;&#x439;&#x433;&#x438;&#x437;</subfield>
    <subfield code="d">1936</subfield>
    <subfield code="e">&#x412;&#x43E;&#x43B;&#x43E;&#x433;&#x434;&#x430;</subfield>
    <subfield code="g">&#x442;&#x438;&#x43F;. "&#x421;&#x435;&#x432;. &#x43F;&#x435;&#x447;&#x430;&#x442;&#x43D;&#x438;&#x43A;"</subfield>
  </datafield>
  <datafield tag="215" ind1=" " ind2=" ">
    <subfield code="a">&#x421;&#x443;&#x43F;.-&#x43E;&#x431;&#x43B;., &#x43F;&#x435;&#x440;&#x435;&#x43F;&#x43B;&#x435;&#x442;, 104 &#x441;., 1 &#x432;&#x43A;&#x43B;. &#x43B;. &#x43F;&#x43E;&#x440;&#x442;&#x440;.</subfield>
    <subfield code="c">&#x438;&#x43B;.</subfield>
    <subfield code="d">22&#x445;18 &#x441;&#x43C;.</subfield>
  </datafield>
  <datafield tag="300" ind1=" " ind2=" ">
    <subfield code="a">&#x41D;&#x430; &#x43E;&#x431;&#x43E;&#x440;&#x43E;&#x442;&#x435; &#x442;&#x438;&#x442;. &#x43B;.: "&#x422;&#x435;&#x43A;&#x441;&#x442; &#x410;&#x43D;. &#x414;&#x432;&#x438;&#x43D;&#x441;&#x43A;&#x43E;&#x433;&#x43E;"</subfield>
  </datafield>
  <datafield tag="702" ind1=" " ind2="1">
    <subfield code="a">&#x414;&#x432;&#x438;&#x43D;&#x441;&#x43A;&#x438;&#x439;</subfield>
    <subfield code="b">&#x410;&#x43D;.</subfield>
    <subfield code="4">570</subfield>
  </datafield>
  <datafield tag="801" ind1=" " ind2="0">
    <subfield code="a">RU</subfield>
    <subfield code="b">NLR</subfield>
    <subfield code="g">psbo</subfield>
  </datafield>
  <datafield tag="801" ind1=" " ind2="1">
    <subfield code="a">RU</subfield>
    <subfield code="b">ELAR</subfield>
    <subfield code="2">rusmarc</subfield>
  </datafield>
  <datafield tag="852" ind1=" " ind2=" ">
    <subfield code="a">NLR</subfield>
    <subfield code="j">36-4/766</subfield>
  </datafield>
  <datafield tag="942" ind1=" " ind2=" ">
    <subfield code="c">BOOK</subfield>
  </datafield>
  <datafield tag="980" ind1=" " ind2=" ">
    <subfield code="a">NB</subfield>
  </datafield>
  <datafield tag="995" ind1=" " ind2=" ">
    <subfield code="5">2013-10-26</subfield>
    <subfield code="b">NLR02</subfield>
    <subfield code="c">NLR02</subfield>
    <subfield code="e">RFS</subfield>
    <subfield code="f">6924114-10</subfield>
    <subfield code="k">36-4/766</subfield>
    <subfield code="o">0</subfield>
    <subfield code="r">BOOK</subfield>
    <subfield code="s">364766_</subfield>
  </datafield>
</record>
